000
00221nam a22000857a 4500
008
160705b xxu||||| |||| 00| 0 eng d
100
_9
2221
_a
Khan, A.H
245
_a
Supervision in Secondary Schools
260
_a
New Delhi
_b
Arya
999
_c
1909
_d
1909